000 00331nam a2200145 i 4500
001 bg
245 0 _aAvtomatizacija metallurgičeskich pečej.
260 _aMoskva,
_c1975.
700 1 _aBlinov, O. I.
_eRed.
040 _cBPK
041 _apol
080 _a669.012
942 _cKS
008 s pl f |000 0 pol
999 _c17004
_d17004
856 _uhttp://koha.tu.koszalin.pl/cgi-bin/koha/opac-detail.pl?biblionumber=17004
_yKatalog online BPK